000 00480nam a2200205Ia 4500
005 20250425162052.0
008 250425s9999 xx 000 0 und d
020 _a8776159064
041 _aspa
082 _a658.401
100 _aJARILLO, JOSE CARLOS
245 0 _aDIRECCION ESTRATEGICA
250 _a2A ED.
260 _aEspaƱa
_bMCGRAW HILL
_c1992
260 _aMADRID
300 _a204
650 _aDIRECCIONAMIENTO ESTRATEGICO
942 _c01
010 _a46420
999 _c221732
_d221732